Statistics for Places With a Cardinal Direction in Their Name

Click here to take the quiz!

General Stats

  • This quiz has been taken 14,166 times
  • The average score is 16 of 24

Answer Stats

CluePlace% Correct
Where Santa lives?North Pole
96%
Belfast is its capitalNorthern Ireland
92%
"First in Flight" U.S. stateNorth Carolina
91%
Mount Rushmore's stateSouth Dakota
91%
World's newest countrySouth Sudan
89%
2nd poorest U.S. stateWest Virginia
88%
Deutsche Demokratische RepublikEast Germany
87%
Southeast Asian countryEast Timor
87%
Most recently changed
country name
North Macedonia
79%
Asia's disputed seaSouth China Sea
74%
Bigger part of PalestineWest Bank
74%
New Zealand's biggest islandSouth Island
73%
Perth is its capitalWestern Australia
73%
Former name of BangladeshEast Pakistan
66%
Collective term for the islands in
and near the Caribbean
West Indies
66%
London area where Parliament
can be found
Westminster
58%
Country recognized only
by Turkey
Northern Cyprus
54%
Former name of ZambiaNorthern Rhodesia
51%
What Austria's name meansEastern Realm
36%
Communist country in
the Middle East 1967 - 1990
South Yemen
32%
Mountain range that forms the
spine of the above
Southern Alps
31%
Kolkata's stateWest Bengal
28%
Port Elizabeth is the largest
city of this South African province
Eastern Cape
22%
Another name for the
European part of Turkey
East Thrace
14%

Score Distribution

Percentile by Number Answered

Percent of People with Each Score

Your Score History

You have not taken this quiz